000 00638nam a2200241Ia 4500
003 OSt
005 20221007074526.0
006 a|||||r|||| 00| 0
007 ta
008 221006b |||||||| |||| 00| 0 eng d
024 _a37,943
037 _cTextual
040 _aFLL
_cFLL
_beng
041 _2eng
_aeng
082 _aZ2:1:6qN25, Q1
100 _aParuck P.L.
_9342483
245 0 _aIndian succession act
250 _a10th
260 _aNagpur
_bLexisNexis Butterworths Wadhwa India
_c2011
300 _accxix,1395p
_ccm.
942 _hZ2:1:6qN25, Q1
_cTEXL
_2CC
999 _c1152698
_d1152698